000
00331nam a22001457a 4500
008
221124b ||||| |||| 00| 0 eng d
020
_a
9781848721029
041
_a
eng
080
_2
THIRD EDITION
_a
159.9
082
_a
159.9 EYS
100
_a
25
101
_a
PSI
245
_a
SIMPLY PSYCHOLOGY
_c
MICHAEL W.E
942
_2
udc
_c
BK
999
_c
59022
_d
59022